| 000 -LEADER |
| fixed length control field |
00589nam a22001817a 4500 |
| 003 - CONTROL NUMBER IDENTIFIER |
| control field |
OSt |
| 005 - DATE AND TIME OF LATEST TRANSACTION |
| control field |
20180604072323.0 |
| 008 - FIXED-LENGTH DATA ELEMENTS--GENERAL INFORMATION |
| fixed length control field |
180319b xxu||||| |||| 00| 0 spa d |
| 040 ## - CATALOGING SOURCE |
| Transcribing agency |
PJ |
| 100 ## - ASIENTO PRINCIPAL - NOMBRE DE PERSONA |
| 9 (RLIN) |
880 |
| Personal name |
Oviedo, José María Martín |
| 245 10 - MENCIÓN DE TÍTULO |
| Título propiamente dicho |
Formación y aplicación del derecho : |
| Parte restante del título |
(aspectos actuales) / |
| Mención de responsabilidad, etc |
José María Martín Oviedo. |
| 260 ## - PUBLICATION, DISTRIBUTION, ETC. (IMPRINT) |
| Place of publication, distribution, etc |
Madrid : |
| Name of publisher, distributor, etc |
Instituto de Estudios Políticos, |
| Date of publication, distribution, etc |
1972. |
| 300 ## - DESCRIPCION FISICA |
| Extent |
196 p. |
| Dimensions |
22 cm |
| 490 ## - MENCION DE SERIE |
| Mención de Serie |
Serie Jurídica |
| 504 ## - NOTA DE BIBLIOGRAFÍA, ETC. |
| Bibliography, etc |
Bibliografía: p. 151-170. |
| 650 ## - ASIENTO SECUNDARIO DE MATERIA - TERMINO TEMATICO |
| Topical term or geographic name as entry element |
DERECHO EN GENERAL |
| 9 (RLIN) |
209 |
| 942 ## - ADDED ENTRY ELEMENTS (KOHA) |
| Source of classification or shelving scheme |
|
| Koha item type |
Libros |
| Classification part |
340.11 |
| Item part |
OVI |